Sociolinguistic perspectives on register
محفوظ في:
| المؤلفون الرئيسيون: | , |
|---|---|
| التنسيق: | كتاب |
| اللغة: | الإنجليزية |
| منشور في: |
Nueva York
Oxford University
1994
|
| سلاسل: | Oxford Studies in Sociolinguistics
|
| الموضوعات: | |
| الوسوم: |
إضافة وسم
لا توجد وسوم, كن أول من يضع وسما على هذه التسجيلة!
|
MARC
| LEADER | 00000nam a2200000 a 4500 | ||
|---|---|---|---|
| 001 | UCL1840 | ||
| 003 | CL-VaPUC | ||
| 008 | 030926e19940000US |||||||||||||||||eng|d | ||
| 020 | |a 0195083644 | ||
| 082 | 0 | 4 | |a 306.44 |b BIB |2 21 |
| 100 | 0 | |a Biber, Douglas |e author |9 478691 | |
| 700 | 0 | |a Finegan, Edward |e author |9 478692 | |
| 245 | 1 | 0 | |a Sociolinguistic perspectives on register |
| 300 | |a 385 p | ||
| 942 | |c BK | ||
| 945 | |d 20030926 00:00:00 |a cmena | ||
| 260 | |a Nueva York |b Oxford University |c 1994 | ||
| 650 | 0 | |a Psicolingüística |9 283371 | |
| 650 | 0 | |a Investigación lingüística |9 329785 | |
| 650 | 7 | |a REGISTROS FONOLOGICOS |2 CL-VaPUC |9 474883 | |
| 583 | |a last modification |c 20030926 00:00:00 |k Rodrigo Vera | ||
| 490 | 0 | |a Oxford Studies in Sociolinguistics | |
| 999 | |c 305280 |d 305278 | ||
| 952 | |0 0 |1 0 |4 0 |6 306_440000000000000_BIB_1994 |7 0 |8 A |9 368416 |a FDOPOS |b FDOPOS |d 2019-11-21 |i 3940861 |o 306.44 BIB 1994 |p 3940861 |r 2025-01-22 |w 2019-11-21 |y BK |k MLA | ||